00333nam a2200121Ia 4500008004100000041000800041082001500049100001300064245004500077260005400122300002400176365001100200240624s9999 xx 000 0 und d aeng a658.8 FLOO aFLOOR KO aBRANDING A STORE HOW TO BUILD SUCCESSFUL c2007aNew DelhibKogan Page India Private limited a360 : p. : cm. ; 23 cRSb33